00618nam a2200205Ia 450000500170000000800410001702000150005808200210007310000140009424500820010826000390019030000150022965000160024465000100026065000120027065000120028294200060029495200970030099900150039720250205005323.0240331s9999 xx 000 0 und d a0415047056 bOUD23811a305.4 aOuditt, S 0aFighting Forces, Writing Women:bIdentity and Ideology in the First World War aLondon;aNew YorkbRoutledgec1994 ax, 246 p., aWorld War I aWomen aHistory aSociety cL 001040708LaWERCLbWERCLcSSCd2024-03-31l0o 305.4 OUDp3811r2024-03-31w2024-03-31yL c4535d4535